Normal view
MARC view
- الجولان(سوريا)- تاريخ- الاحتلال الاسرائيلي 1967
Entry Topical Term
001 - CONTROL NUMBER
- control field: 41246
003 - CONTROL NUMBER IDENTIFIER
- control field: JO-AjAnu
005 - DATE AND TIME OF LATEST TRANSACTION
- control field: 20230606080843.0
008 - FIXED-LENGTH DATA ELEMENTS
- fixed length control field: 230606|| aca||aabn | a|a d
040 ## - CATALOGING SOURCE
- Original cataloging agency: JO-AjAnu
- Transcribing agency: JO-AjAnu
150 ## - HEADING--TOPICAL TERM
- Topical term or geographic name entry element: الجولان(سوريا)- تاريخ- الاحتلال الاسرائيلي 1967
670 ## - SOURCE DATA FOUND
- Source citation: Work cat.: (JO-AjAnu)21137: تاليف مصطفى، خليل, author 41245, سقوط الجولان